| 000 | 00667nam a22001937a 4500 | ||
|---|---|---|---|
| 003 | OSt | ||
| 005 | 20251121153018.0 | ||
| 008 | 251121b |||||||| |||| 00| 0 eng d | ||
| 020 | _a978-971-0506-05-7 | ||
| 040 |
_aDWC-Main Lib. _cOC |
||
| 082 | _aFil. 371.26 AL386h 2008 | ||
| 100 | _aAlferez, Merle S. | ||
| 245 |
_aHigh school entrance tests on NAT (National Achievement Test)/ _cMerle S. Alferez |
||
| 260 |
_aCainta, Rizal, Phils. : _bMSA Publishing House, _cc2008. |
||
| 300 |
_a167 pages : _billustrations ; _c26 cm. |
||
| 650 | _a1. Examinations--Study guides. | ||
| 650 | _a2. Educational tests and measurements. | ||
| 942 |
_2ddc _cBK - FIL _hFil. _n0 |
||
| 999 |
_c6022 _d6022 |
||